Cyclisme : Top 20 de Liège Bastogne Liège 2024 - Statistiques

Statistiques générales
  • Ce quiz a été pris 34 fois
  • Le résultat moyen est 12 sur 20
Statistiques - réponses
Position Equipe Coureur % Correct
2eme Dsm Firmeninch PostNL Romain Bardet
100%
1er UAE Team Emirates Tadej Pogacar
100%
3eme Alpecin Deceuninck Mathieu Van Der Poel
97%
18eme Cofidis Guillaume Martin
84%
4eme Lotto Dstny Maxim Van Gils
84%
7eme Groupama FDJ Valentin Madouas
81%
16eme Decathlon Ag2r La Mondiale Benoit Cosnefroy
71%
8eme Astana Qazaqstan Alexey Lutsenko
68%
11eme Decathlon Ag2r La Mondiale Paul Lapeira
61%
12eme Visma Lease a Bike Tiesj Benoot
61%
5eme Decathlon Ag2r La Mondiale Aurelien Paret Peintre
58%
10eme Ineos Grenadier Thomas Pidcock
58%
9eme Bahrain Victorious Pello Bilbao
55%
15eme Israel Premier tech Dylan Teuns
48%
6eme Soudal Quick Step Mauri Vansevenant
42%
14eme Movistar Team Alex Aranburu
35%
20eme BORA Hansgrohe Alexandr Vlasov
26%
17eme UAE Team Emirates Marc Hirschi
26%
13eme Lidl Trek Bauke Mollema
13%
19eme Cofidis Ion Izagiire
6%
Aucun quiz correspondant
Distribution des résultats
% des personnes avec chaque résultat
Percentile par nombre de réponses
Votre historique - résultats
Vous n’avez pas pris ce quiz